000
00228nam a22000977a 4500
999
_c
261932
_d
261931
020
_a
0439295017
100
_a
J.K Rowling
245
_a
Fantastic Beast and Where To Find Them
260
_a
London
_b
Scholastic
_c
2001
942
_c
BK